000 00813nam a22002057i 4500
999 _c23019
_d23019
003 AR-CdUCM
008 240827b20212021 pe||||| |||| 00| 0 spa d
020 _a978-612-49021-3-0
040 _aMUNICIPALIDAD PROVINCIAL DEL CUSCO
_cBIBLIOTECA MUNICIPAL DEL CUSCO
082 _a985.04 / M61A
_bM61A
100 _aMinisterio de Cultura del Perú
_950267
245 _a200 años después :
_bLos escolares preguntan, los historiadores responden /
260 _aLima :
_bProyecto Especial Bicentenario de la Independencia del Perú,
_c2021
300 _a165 páginas. :
_c24 cm
505 _aPerú luego de la independencia -- Preguntas y respuestas
650 _aReflexiones sobre la independencia
_950286
650 _aSan Martin, Bolívar y la libertad
_950287
942 _2ddc
_cLIBROS
945 _apbj
_d2024-08-27